[Event "Julian Mazur Memorial"]
[Site "Wellington Chess Club"]
[Date "2022.08.18"]
[Round "4.4"]
[White "Enegbuma, Wallace"]
[Black "Young, Cohen"]
[Result "1-0"]
[WhiteElo "1844"]
[BlackElo "1933"]

1. e4 c5 2. Nf3 e6 3. d4 cxd4 4. Nxd4 Nf6 5. Bd3 Nc6 6. Nxc6 bxc6 7. O-O d5 8.
exd5 cxd5 9. Bg5 Be7 10. Nc3 O-O 11. h3 Rb8 12. Rb1 h6 13. Bh4 Rb4 14. Bg3 Bd6
15. Bxd6 Qxd6 16. a3 Rb6 17. Re1 e5 18. b4 e4 19. Bf1 Ba6 20. Bxa6 Rxa6 21. Rb3
Rc6 22. Na4 Rfc8 23. Nc5 Nd7 24. Nxd7 Qxd7 25. Rxe4 Rxc2 26. Re1 Qf5 27. Rf3
Qg5 28. Qd4 Rc1 29. Rxc1 Rxc1+ 30. Kh2 f6 31. Rg3 Qe5 32. Qxa7 f5 33. Qe3 Qa1
34. Qe8+ Kh7 35. Qg6+ Kh8 36. Re3 Rh1+ 37. Kg3 Rxh3+ 38. Kxh3 Qh1+ 39. Kg3 f4+
40. Kxf4 Qh4+ 41. Ke5 Qe7+ 42. Kxd5 Qd7+ 43. Kc4 Qc8+ 44. Kb3 Qg8+ 45. Kb2 1-0

[Event "Julian Mazur Memorial"]
[Site "Wellington Chess Club"]
[Date "2022.08.18"]
[Round "4.5"]
[White "Archer, Ollie"]
[Black "Lyall, Gordon"]
[Result "1/2-1/2"]
[WhiteElo "2186"]
[BlackElo "1942"]

1. d4 d5 2. c4 e6 3. Nf3 Nf6 4. Nc3 Be7 5. Bf4 O-O 6. e3 c6 7. Qc2 Nbd7 8. Bd3
Re8 9. Ne5 Nf8 10. h3 c5 11. cxd5 cxd4 12. exd4 Nxd5 13. Bh2 Nb4 14. Qd2 Nxd3+
15. Qxd3 f6 16. Nf3 Bd6 17. Bxd6 Qxd6 18. O-O Bd7 19. Rad1 Rad8 20. Nd2 Bc6 21.
Nc4 Qc7 22. Ne3 Ng6 23. Qc4 Qf7 24. f4 Ne7 25. f5 Nxf5 26. Nxf5 exf5 27. Qxf7+
Kxf7 28. Rxf5 b6 29. d5 Bd7 30. Rf3 Re5 31. Kf2 Bc8 32. Re3 Rf5+ 33. Kg3 Rg5+
34. Kh2 Bb7 35. Red3 a6 36. g4 h5 37. Kg3 hxg4 38. hxg4 Bc8 39. Rd4 Re5 40. Re4
Rxe4 41. Nxe4 f5 42. gxf5 Bxf5 43. Ng5+ Kf6 44. Kf4 g6 45. b4 Rh8 46. Nf3 g5+
47. Ke3 Bg4 48. Rg1 Re8+ 49. Kf2 Bxf3 50. Kxf3 Re5 51. Rd1 Ke7 52. Rc1 Rxd5 53.
Rc6 Rd6 54. Rc7+ Kf6 55. a4 Kf5 56. a5 Rd3+ 57. Ke2 Rd6 58. Kf3 g4+ 59. Kg3
Rd3+ 60. Kg2 Rd6 61. Kg3 Re6 62. Rc3 bxa5 63. Rc5+ Re5 64. Rxa5 Rxa5 65. bxa5
Kg5 66. Kg2 Kf4 67. Kf2 Ke4 68. Kg3 Kd4 69. Kxg4 Kc5 70. Kf3 Kb5 71. Ke2 Kxa5
72. Kd2 Kb4 73. Kc2 1/2-1/2

[Event "Julian Mazur Memorial"]
[Site "Wellington Chess Club"]
[Date "2022.08.18"]
[Round "4.6"]
[White "Van der Hoorn, Thomas"]
[Black "Jackson, Ross"]
[Result "1/2-1/2"]
[WhiteElo "2059"]
[BlackElo "1905"]

1. e4 c5 2. Nf3 d6 3. d4 cxd4 4. Nxd4 a6 5. Nc3 b5 6. Be3 Nf6 7. a3 Bb7 8. f3
Nc6 9. Qd2 Rc8 10. Be2 e6 11. O-O Be7 12. Nxc6 Bxc6 13. Bd3 d5 14. exd5 Nxd5
15. Nxd5 Bxd5 16. Rfd1 O-O 17. a4 Bc4 18. Be4 bxa4 19. Rxa4 Qxd2 20. Rxd2 Bb5
21. Ra1 f5 22. Bd3 Bxd3 23. Rxd3 Rxc2 24. Rxa6 Rxb2 25. Rd7 Bf6 26. Rxe6 Rb5
27. Bd4 Bxd4+ 28. Rxd4 Rb7 29. h4 g6 30. Kh2 Rbf7 31. Kg3 Kg7 32. h5 Rf6 33.
Rd7+ R8f7 34. Ree7 Rxe7 35. Rxe7+ Rf7 36. Re6 Rf6 37. Rxf6 Kxf6 38. hxg6 hxg6
39. Kh4 g5+ 40. Kh5 f4 41. Kg4 Kg6 42. g3 fxg3 43. Kxg3 Kf5 44. Kg2 Kf4 45. Kf2
g4 46. fxg4 Kxg4 1/2-1/2

[Event "Julian Mazur Memorial"]
[Site "Wellington Chess Club"]
[Date "2022.08.18"]
[Round "4.7"]
[White "Tanoi, Edward"]
[Black "Rossiter, Philip"]
[Result "1/2-1/2"]
[WhiteElo "1985"]
[BlackElo "1839"]

1. d4 Nf6 2. Nf3 e6 3. c4 Bb4+ 4. Bd2 Qe7 5. Nc3 d6 6. Qa4+ Nc6 7. Qc2 Bd7 8.
e4 e5 9. dxe5 Nxe5 10. Nxe5 dxe5 11. Be2 O-O 12. O-O Bc6 13. Bd3 Qd6 14. a3
Rad8 15. Nd5 Bxd2 16. Qxd2 Bxd5 17. exd5 c6 18. Qc2 cxd5 19. cxd5 Qxd5 20. Rad1
e4 21. Bc4 Qe5 22. Qb3 Ng4 23. g3 Rxd1 24. Rxd1 e3 25. Bxf7+ Kh8 26. fxe3 Qe4
27. Rd4 Qf3 28. Rf4 Qe2 29. e4 Qxh2+ 30. Kf1 Qh1+ 31. Ke2 Qg2+ 32. Ke1 Qh1+ 33.
Ke2 Qg2+ 34. Ke1 Qh1+ 35. Ke2 1/2-1/2

[Event "Julian Mazur Memorial"]
[Site "Wellington Chess Club"]
[Date "2022.08.18"]
[Round "4.8"]
[White "Jones, Christopher"]
[Black "Chen, Wei Kai"]
[Result "0-1"]
[WhiteElo "1574"]
[BlackElo "1968"]

1. e4 c6 2. d4 d5 3. Nc3 dxe4 4. Nxe4 Bf5 5. Ng3 Bg6 6. Nf3 Nd7 7. Bc4 Ngf6 8.
Bg5 e6 9. O-O Qc7 10. Nh4 O-O-O 11. Nxg6 hxg6 12. Qf3 Bd6 13. Bb3 Rdf8 14. c4
Nh5 15. c5 Bf4 16. Bxf4 Nxf4 17. h3 Nf6 18. Bc4 Rd8 19. Rfd1 Rh4 20. Rd2 g5 21.
b4 g4 22. hxg4 Nxg4 23. a4 Rdh8 24. Rad1 Nh5 25. b5 Nxg3 26. fxg3 Rh1# 0-1

[Event "Julian Mazur Memorial"]
[Site "Wellington Chess Club"]
[Date "2022.08.18"]
[Round "4.9"]
[White "McConnell, Jack"]
[Black "Perrin, Brent"]
[Result "0-1"]
[WhiteElo "1411"]
[BlackElo "1965"]

1. d4 g6 2. e4 Bg7 3. Nc3 d6 4. Bg5 a6 5. a4 Nc6 6. Nge2 Nf6 7. Qd2 O-O 8. f3
Nb4 9. O-O-O b5 10. Bh6 c6 11. Kb1 Qa5 12. Bxg7 Kxg7 13. Na2 c5 14. dxc5 dxc5
15. Nxb4 cxb4 16. e5 Nd7 17. Qd4 e6 18. Qe4 Rb8 19. Nd4 Nc5 20. Qf4 Bb7 21. h4
h5 22. g4 Rh8 23. Bd3 Nxd3 24. Rxd3 Bd5 25. gxh5 Rxh5 26. Nb3 Bxb3 27. Rd7
Bxc2+ 28. Kxc2 Qxa4+ 29. Kb1 Rf5 30. Qg4 b3 31. Qxa4 bxa4 32. Rc1 Rxf3 33. Rg1
Rf5 34. Rd4 Rxe5 35. Rxa4 Rb6 36. Ra3 Rh5 37. Rc1 Rxh4 38. Rd1 e5 0-1

[Event "Julian Mazur Memorial"]
[Site "Wellington Chess Club"]
[Date "2022.08.18"]
[Round "4.10"]
[White "Winsley, Daniel"]
[Black "Benitez, Edgar"]
[Result "0-1"]
[WhiteElo "1725"]
[BlackElo "1952"]

1. b4 d5 2. Bb2 Bf5 3. Nf3 e6 4. e3 Nf6 5. b5 Be7 6. Nc3 O-O 7. Nh4 Bg6 8. Be2
c5 9. Nxg6 fxg6 10. Bf3 Nbd7 11. Bg4 Qb6 12. Bh3 Rae8 13. a4 Bd6 14. O-O Qc7
15. g3 e5 16. Bg2 e4 17. d3 Be5 18. dxe4 Bxc3 19. Bxc3 dxe4 20. Qe2 Kh8 21.
Rfd1 Ne5 22. Rd2 Nf3+ 23. Bxf3 exf3 24. Qc4 Ne4 25. Rd5 Qc8 26. Be1 h6 27. h4
Qh3 28. Qf1 Qg4 29. Rad1 Re7 30. Kh2 b6 31. Qh3 Qxh3+ 32. Kxh3 g5 33. h5 Kh7
34. c4 g4+ 35. Kh4 g5+ 36. hxg6+ Kxg6 37. Rd8 Rxd8 38. Rxd8 Nf6 39. Rd6 Kf7 40.
a5 bxa5 41. Ra6 h5 42. Rxa5 Kg6 43. Ra6 Kf5 44. Rd6 Re6 45. Rc6 Ne4 46. Kxh5
Re7 47. Kh6 Re6+ 48. Rxe6 Kxe6 49. Kg6 Ke5 50. Kh5 Kf5 51. Kh6 Nd6 52. Kh5 Nxc4
53. e4+ Kxe4 54. Kxg4 Ne5+ 55. Kg5 Nd3 56. g4 Nxe1 57. Kf6 Nd3 58. g5 Nf4 0-1

[Event "Julian Mazur Memorial"]
[Site "Wellington Chess Club"]
[Date "2022.08.18"]
[Round "4.11"]
[White "Hampshire, Thomas"]
[Black "Cooke, Xandi"]
[Result "0-1"]
[WhiteElo "1500"]
[BlackElo "1530"]

1. e4 c5 2. Nf3 e6 3. c4 Nf6 4. d3 Nc6 5. Be2 Qc7 6. O-O Be7 7. Be3 O-O 8. Nc3
a6 9. d4 Ng4 10. d5 Nxe3 11. fxe3 Ne5 12. Qd2 Nxf3+ 13. Rxf3 d6 14. Rd1 exd5
15. exd5 Bg4 16. Rg3 Bxe2 17. Qxe2 Rfe8 18. Qg4 Bf6 19. Rf1 Qe7 20. Qf5 Be5 21.
Rgf3 Bf6 22. Rh3 h6 23. Ne2 Qe5 24. Qg4 Bg5 25. Qd7 Re7 26. Qg4 Bxe3+ 27. Kh1
Bg5 28. Nc3 Rae8 29. Rhf3 Qd4 30. Qxd4 cxd4 31. Na4 Re1 32. Rxf7 Bf6 33. Rxf6
gxf6 34. Kg1 d3 35. Nc3 d2 0-1

[Event "Julian Mazur Memorial"]
[Site "Wellington Chess Club"]
[Date "2022.08.18"]
[Round "4.13"]
[White "Qu, Lucas"]
[Black "Aldridge, Alan"]
[Result "0-1"]
[WhiteElo "1272"]
[BlackElo "1806"]

1. e4 e5 2. Nf3 Nc6 3. Bb5 a6 4. Ba4 Nf6 5. O-O Be7 6. Nc3 b5 7. Bb3 d6 8. Re1
O-O 9. Nd5 Bg4 10. h3 Bh5 11. c3 Na5 12. d4 Nxb3 13. axb3 Nxd5 14. exd5 exd4
15. cxd4 Bf6 16. Qd3 Bg6 17. Qc3 Re8 18. Bd2 Qd7 19. Ng5 Rxe1+ 20. Rxe1 h6 21.
Ne4 Bh4 22. Ng3 f6 23. Rc1 Ra7 24. b4 Qf7 25. Qc6 Bxg3 26. fxg3 Be4 27. Re1
Bxd5 28. Qe8+ Qxe8 29. Rxe8+ Kf7 30. Re1 Ra8 31. Kf2 f5 32. g4 fxg4 33. hxg4
Rf8 34. g3 Kg6+ 35. Bf4 Rf7 36. Ra1 Kh7 37. Kg1 g5 38. Bc1 Bc4 39. Kg2 Bd5+ 40.
Kg1 Rf3 41. Kh2 Rf1 42. Bxg5 Rxa1 43. Be3 Rh1# 0-1

[Event "Julian Mazur Memorial"]
[Site "Wellington Chess Club"]
[Date "2022.08.18"]
[Round "4.14"]
[White "Mills, Dan"]
[Black "Brockway, Andrew"]
[Result "0-1"]
[WhiteElo "927"]
[BlackElo "1686"]

1. e4 c5 2. Nf3 g6 3. Bc4 Nc6 4. d4 cxd4 5. Nxd4 Bg7 6. c3 Nf6 7. Nd2 d6 8. Bb5
Bd7 9. Bxc6 bxc6 10. b4 O-O 11. f3 Qc8 12. h3 c5 13. Nc4 cxd4 14. Qxd4 Nh5 15.
e5 d5 16. Qxd5 Be6 17. Qc5 Qxc5 18. bxc5 Bxc4 19. f4 Ng3 20. Rg1 Ne2 21. Rf1
Nxc1 22. Rxc1 Bxf1 23. Kxf1 Rac8 24. g4 Rxc5 25. Kf2 Rfc8 26. Rd1 Rxc3 27. h4
Rc2+ 28. Ke3 e6 29. h5 R2c3+ 30. Rd3 Rxd3+ 31. Kxd3 gxh5 32. gxh5 Bh6 33. Ke4
Rc4+ 34. Kd3 Rxf4 35. a4 Rxa4 0-1

[Event "Julian Mazur Memorial"]
[Site "Wellington Chess Club"]
[Date "2022.08.18"]
[Round "4.15"]
[White "Ashe, Michael"]
[Black "Hupert, Leo"]
[Result "1-0"]
[WhiteElo "1682"]
[BlackElo "1387"]

1. d4 d5 2. c4 e6 3. Nc3 Nf6 4. cxd5 exd5 5. Bg5 h6 6. Bxf6 Qxf6 7. Nxd5 Qd6 8.
Nc3 Nc6 9. e3 a6 10. a3 Bf5 11. Bd3 Qg6 12. Bxf5 Qxf5 13. Nf3 O-O-O 14. O-O Bd6
15. b4 g5 16. Qb1 Qxb1 17. Rfxb1 b5 18. h3 Kd7 19. Ne4 Be7 20. Rc1 f5 21. Nc5+
Bxc5 22. Rxc5 g4 23. hxg4 fxg4 24. Ne5+ Nxe5 25. Rxe5 c6 26. Rc1 Rc8 27. Rcc5
a5 28. d5 axb4 29. axb4 h5 30. dxc6+ Rxc6 31. Rcd5+ Rd6 32. Rxd6+ Kxd6 33. Rxb5
h4 34. Rg5 h3 35. Rxg4 h2+ 36. Kh1 Rf8 37. f3 Ke5 38. Kxh2 1-0

[Event "Julian Mazur Memorial"]
[Site "Wellington Chess Club"]
[Date "2022.08.18"]
[Round "4.16"]
[White "Cameron, Will"]
[Black "Darr, Samuel"]
[Result "1-0"]
[WhiteElo "1424"]
[BlackElo "1560"]

1. d4 d5 2. c4 e6 3. Nc3 Nf6 4. Bg5 Be7 5. cxd5 exd5 6. e3 Bf5 7. Bxf6 Bxf6 8.
Qb3 b6 9. Qxd5 Qxd5 10. Nxd5 Bd8 11. Nf4 Nc6 12. Bd3 Bxd3 13. Nxd3 Bf6 14. Rc1
Kd7 15. Nf3 Rhe8 16. Kd2 Ne7 17. Nfe5+ Ke6 18. Rxc7 g5 19. Rhc1 Bxe5 20. Nxe5
f6 21. Nc6 Nf5 22. e4 Nh4 23. Ne5 Rad8 24. Kd3 Nxg2 25. R1c6+ Rd6 26. Rxa7 Nf4+
27. Kc4 h5 28. Rxd6+ Kxd6 29. Nf7+ Ke6 30. d5+ Nxd5 31. exd5+ Kf5 32. d6 1-0

[Event "Julian Mazur Memorial"]
[Site "Wellington Chess Club"]
[Date "2022.08.18"]
[Round "4.18"]
[White "Ulm, Joy"]
[Black "Croad, Nicolas"]
[Result "0-1"]
[WhiteElo "1500"]
[BlackElo "2439"]

1. d4 Nf6 2. c4 e6 3. Nc3 Bb4 4. e3 O-O 5. Bd3 d5 6. Ne2 Re8 7. a3 Bf8 8. c5 e5
9. O-O e4 10. Bc2 b6 11. b4 a5 12. Bd2 c6 13. Nf4 Ba6 14. Re1 Nbd7 15. bxa5
bxc5 16. Na4 cxd4 17. exd4 Bd6 18. Ne2 Bxh2+ 19. Kxh2 Ng4+ 20. Kg1 Qh4 21. Bf4
Qxf2+ 22. Kh1 Bxe2 23. Rxe2 Qxf4 24. Qg1 Qh6+ 0-1

[Event "Julian Mazur Memorial"]
[Site "Wellington Chess Club"]
[Date "2022.08.18"]
[Round "4.19"]
[White "Farrington, Lawrence"]
[Black "Paino, Roberto"]
[Result "1-0"]
[WhiteElo "1602"]
[BlackElo "1574"]

1. e4 e5 2. Nf3 Nc6 3. Nc3 Nf6 4. Bb5 a6 5. Bxc6 bxc6 6. Nxe5 c5 7. d3 d6 8.
Nc4 Be7 9. O-O O-O 10. Bg5 Nd7 11. Bxe7 Qxe7 12. f4 f5 13. Qe2 fxe4 14. Qxe4
Qxe4 15. dxe4 Bb7 16. Na5 Bc8 17. b3 Nf6 18. Rae1 Nh5 19. g3 Bh3 20. Rf2 Rae8
21. Rfe2 Rf6 22. Nd5 Rf7 23. c4 Nf6 24. Nxf6+ Rxf6 25. Kf2 Bg4 26. Re3 Rh6 27.
h4 Rf8 28. e5 Re6 29. Nc6 h6 30. exd6 Rxe3 31. Rxe3 cxd6 32. Ne7+ Kh7 33. Nd5
g5 34. hxg5 hxg5 35. Re7+ Kg6 36. Kg2 gxf4 37. Nxf4+ Kf5 38. Ra7 Ke4 39. Rxa6
Rf6 40. Rb6 Ke5 41. a4 Bd1 42. a5 Rf8 43. Ng6+ 1-0

[Event "Julian Mazur Memorial"]
[Site "Wellington Chess Club"]
[Date "2022.08.18"]
[Round "4.20"]
[White "Hooper, John"]
[Black "Asher, Bruce"]
[Result "0-1"]
[WhiteElo "1251"]
[BlackElo "1060"]

1. d4 d5 2. c4 Nf6 3. g3 e6 4. Bg2 Nc6 5. Nf3 Bb4+ 6. Bd2 Bxd2+ 7. Qxd2 b6 8.
O-O Bb7 9. Qc2 g6 10. Nbd2 Qd6 11. a3 a5 12. e4 dxe4 13. Nxe4 Qe7 14. Nxf6+
Qxf6 15. Rad1 O-O-O 16. d5 Ne5 17. Nxe5 Qxe5 18. Qe4 Qxb2 19. Rd3 Rhe8 20. Qd4
Qa2 21. Ra1 Qc2 22. a4 exd5 23. cxd5 Qc5 24. Qxc5 bxc5 25. Rc1 Rd6 26. Rxc5
Re1+ 27. Bf1 Ba6 28. Re3 Rxf1+ 29. Kg2 Rd1 30. Re5 Bb7 31. Rxa5 f6 32. Re3
Bxd5+ 33. Kh3 g5 34. g4 Rg1 35. Rc5 Bg2+ 36. Kg3 Rd4 37. Ra3 Bf1+ 38. Kf3 Rgxg4
39. a5 Rde4 40. Rc1 Be2# 0-1

[Event "Julian Mazur Memorial"]
[Site "Wellington Chess Club"]
[Date "2022.08.25"]
[Round "5.1"]
[White "Forster, Bill"]
[Black "Winter, Ryan"]
[Result "1-0"]
[WhiteElo "2037"]
[BlackElo "2197"]

1. e4 c5 2. Nc3 e6 3. f4 a6 4. Nf3 Nc6 5. Be2 d5 6. e5 Nge7 7. O-O h5 8. Qe1
Nf5 9. Bd1 Be7 10. Ne2 Bd7 11. Ng3 Nxg3 12. Qxg3 g6 13. c3 Qb6 14. Ng5 Qd8 15.
Bc2 h4 16. Qf2 d4 17. Be4 Qc7 18. d3 Rc8 19. Bd2 dxc3 20. bxc3 Kf8 21. Rae1 Nd8
22. Re3 Bc6 23. Bxc6 Qxc6 24. Ne4 Qd7 25. Rh3 Kg7 26. Nf6 Qb5 27. Rxh4 Nc6 28.
f5 Rxh4 29. Qxh4 Rh8 30. Qg3 exf5 31. Rxf5 Qb1+ 32. Rf1 Qxa2 33. Ne4 Rh5 34.
Bg5 Qe6 35. Nf6 Rh8 36. Re1 b5 37. h4 b4 38. cxb4 cxb4 39. h5 Nd4 40. h6+ Kf8
41. Qh4 Bc5 42. Kh1 Nf5 43. Qh3 Bd4 44. g4 Qc6+ 45. Qg2 Qxg2+ 46. Kxg2 Nxh6 47.
Nd5 b3 48. Bf6 Rg8 49. Rc1 Ke8 50. e6 Bxf6 51. Nxf6+ Ke7 52. Nxg8+ Nxg8 53.
exf7 Kxf7 54. Rb1 Nf6 55. Kg3 g5 56. Rxb3 Nd5 57. Ra3 Nb4 58. Kf3 a5 59. Rxa5
Nxd3 60. Rxg5 Kf6 61. Rd5 Ne5+ 62. Kg3 Ke6 63. Ra5 Ng6 64. Kf3 1-0

[Event "Julian Mazur Memorial"]
[Site "Wellington Chess Club"]
[Date "2022.08.25"]
[Round "5.2"]
[White "Chen, Wei Kai"]
[Black "Ker, Anthony"]
[Result "0-1"]
[WhiteElo "1968"]
[BlackElo "2428"]

1. e4 c5 2. Nc3 g6 3. f4 Bg7 4. Nf3 Nc6 5. Bc4 e6 6. d3 Nge7 7. O-O d5 8. Bb3
dxe4 9. Nxe4 O-O 10. Qe1 b6 11. h4 h5 12. Neg5 Nd4 13. Nxd4 Qxd4+ 14. Kh2 Nf5
15. Rf3 Bb7 16. c3 Qd6 17. Ne4 Qe7 18. g3 Rfd8 19. Bc2 Ba6 20. Be3 Rd7 21. Rd1
Rad8 22. Ng5 Bxd3 23. Rxd3 Rxd3 24. Bxd3 Rxd3 25. Bxc5 Qd7 26. Ba3 Rd1 27. Qe4
Qd2+ 28. Rf2 Qxf2+ 29. Kh3 Qxg3# 0-1

[Event "Julian Mazur Memorial"]
[Site "Wellington Chess Club"]
[Date "2022.08.25"]
[Round "5.3"]
[White "Jackson, Ross"]
[Black "Dive, Russell"]
[Result "0-1"]
[WhiteElo "1905"]
[BlackElo "2389"]

1. d4 c5 2. d5 d6 3. e4 e5 4. c4 Be7 5. Be2 Bg5 6. Nd2 Nf6 7. Qc2 h5 8. h4 Bh6
9. Ngf3 Bg4 10. Qa4+ Nbd7 11. Qc2 a6 12. Ng1 Bxe2 13. Nxe2 b5 14. Ng3 g6 15.
Nf3 Bxc1 16. Qxc1 bxc4 17. Qxc4 Qa5+ 18. Qc3 Qa4 19. Nd2 Nb6 20. O-O Qd4 21.
Qc2 O-O 22. Ne2 Qb4 23. a3 Qb5 24. Nc3 Qd7 25. Nf3 c4 26. Qe2 Qg4 27. Qe3 Rab8
28. g3 Nbd7 29. Kg2 Nc5 30. Nh2 Qd7 31. Rab1 Rb3 32. Qe2 Nd3 33. Rfd1 Rfb8 34.
Rxd3 cxd3 35. Qxd3 Rxb2 36. Rc1 Qa7 37. Qf3 Ng4 38. Nxg4 hxg4 39. Qf6 Qe3 0-1

[Event "Julian Mazur Memorial"]
[Site "Wellington Chess Club"]
[Date "2022.08.25"]
[Round "5.4"]
[White "Benitez, Edgar"]
[Black "Archer, Ollie"]
[Result "1/2-1/2"]
[WhiteElo "1952"]
[BlackElo "2186"]

1. d4 Nf6 2. Nf3 d5 3. Bf4 c5 4. e3 Nc6 5. c3 Qb6 6. Qb3 c4 7. Qxb6 axb6 8.
Nbd2 b5 9. Be2 Bf5 10. O-O b4 11. Nh4 Bd7 12. e4 e6 13. e5 Ng8 14. Rfc1 bxc3
15. bxc3 b5 16. a3 Rxa3 17. Rxa3 Bxa3 18. Ra1 Bb2 19. Ra8+ Nd8 20. Nb1 b4 21.
Bd2 Ne7 22. Nf3 bxc3 23. Bxc3 Bxc3 24. Nxc3 Nc8 25. Bd1 O-O 26. Kf1 Nc6 27. Ba4
Nb6 28. Rxf8+ Kxf8 29. Bxc6 Bxc6 30. Ke1 f6 31. Kd2 Nd7 32. Ke3 Ke7 33. g3 g5
34. g4 Kf7 35. h3 Kg6 36. Ne2 Ba4 37. Nc3 Bc2 38. Ne1 Bb3 39. exf6 Kxf6 40. Nf3
Bc2 41. Ne1 Bg6 42. Nf3 Bf7 43. Ne1 e5 44. Nf3 h6 45. Nb5 Be8 46. Nc3 Ke6 47.
h4 gxh4 48. Nxh4 Nf6 49. f3 h5 50. gxh5 Bxh5 51. Ng2 Nd7 52. Ne1 Nb6 53. dxe5
Kxe5 54. f4+ Kf5 55. Nc2 Bf7 56. Nd4+ Kg4 57. Nc6 Be6 58. Nd4 Bg8 59. Nc6 Be6
60. Nd4 Bd7 61. Nde2 Bc6 62. Nd4 Na4 63. Nxa4 Bxa4 64. Ne2 Bd1 65. Nc3 Bf3 66.
f5 Kxf5 67. Kxf3 d4 68. Nb5 Ke5 69. Ke2 Kd5 70. Kd2 Kc5 71. Na3 Kb4 72. Nc2+
Kc5 73. Na3 Kd5 74. Nc2 Ke4 75. Nb4 d3 76. Na2 Kd4 77. Nc3 1/2-1/2

[Event "Julian Mazur Memorial"]
[Site "Wellington Chess Club"]
[Date "2022.08.25"]
[Round "5.5"]
[White "Young, Cohen"]
[Black "Van der Hoorn, Thomas"]
[Result "1/2-1/2"]
[WhiteElo "1933"]
[BlackElo "2059"]

1. e4 e5 2. Nf3 Nc6 3. d4 exd4 4. Nxd4 Nf6 5. Nxc6 bxc6 6. e5 Nd5 7. c4 Nb6 8.
Bd3 d5 9. exd6 cxd6 10. O-O Be6 11. Re1 Be7 12. Qf3 d5 13. cxd5 Nxd5 14. Nc3
O-O 15. Nxd5 Bxd5 16. Qh3 g6 17. Bh6 Re8 18. Rad1 Bf6 19. b3 Qa5 20. Re3 Rxe3
21. Qxe3 Bg7 22. Bxg7 Kxg7 23. Qe5+ Kg8 24. Bc4 Qxa2 25. Bxd5 cxd5 26. Qxd5 Rb8
27. Qc4 h5 28. g3 Qxb3 29. Rd8+ Kh7 30. Qxb3 Rxb3 31. Rd7 Kg7 32. Rxa7 1/2-1/2

[Event "Julian Mazur Memorial"]
[Site "Wellington Chess Club"]
[Date "2022.08.25"]
[Round "5.6"]
[White "Perrin, Brent"]
[Black "Rossiter, Philip"]
[Result "1-0"]
[WhiteElo "1965"]
[BlackElo "1839"]

1. e4 d5 2. exd5 Nf6 3. Bb5+ c6 4. dxc6 bxc6 5. Be2 Bf5 6. Nf3 Nbd7 7. O-O e6
8. Nc3 Qc7 9. Nd4 Bd6 10. d3 Bxh2+ 11. Kh1 Bf4 12. Bf3 Bxc1 13. Rxc1 Qf4 14.
Nxf5 exf5 15. Re1+ Kd8 16. g3 Qd4 17. Bxc6 Rc8 18. Qf3 Ne5 19. Rxe5 Qxe5 20. d4
Qd6 21. d5 g6 22. Re1 Re8 23. Bxe8 Nxe8 24. Qe3 Nf6 25. Qxa7 Rc7 26. Qa8+ Rc8
27. Qb7 Rc7 28. Qb8+ Kd7 29. Qb5+ Kc8 30. Qd3 Re7 31. Qc4+ Kd8 32. Rxe7 Qxe7
33. Qd4 Qe1+ 34. Kg2 Ng4 35. d6 Qc1 36. Qb6+ 1-0

[Event "Julian Mazur Memorial"]
[Site "Wellington Chess Club"]
[Date "2022.08.25"]
[Round "5.7"]
[White "Malcolm, Aidan"]
[Black "Malcolm, Leo"]
[Result "1-0"]
[WhiteElo "1782"]
[BlackElo "1873"]

1. d4 d5 2. e4 c6 3. Nc3 dxe4 4. Bc4 Bf5 5. f3 exf3 6. Nxf3 e6 7. O-O Be7 8.
Ne5 g6 9. Nxf7 Kxf7 10. g4 Kg7 11. gxf5 exf5 12. Ne4 Nd7 13. c3 Qe8 14. Qf3 Nb6
15. Bb3 Nd5 16. Ng3 Rd8 17. Bc2 Bh4 18. Bxf5 Bxg3 19. Qxg3 Ngf6 20. Bg5 Rf8 21.
Rae1 Qf7 22. Be6 Qc7 23. Qh4 h5 24. c4 Rde8 25. cxd5 Nxd5 26. Rxf8 Rxf8 27.
Bxd5 1-0

[Event "Julian Mazur Memorial"]
[Site "Wellington Chess Club"]
[Date "2022.08.25"]
[Round "5.8"]
[White "Aldridge, Alan"]
[Black "Shepherd, Blake"]
[Result "1-0"]
[WhiteElo "1806"]
[BlackElo "1497"]

1. d4 e6 2. c4 Nf6 3. Nc3 d5 4. Nf3 c5 5. e3 Nc6 6. Bd3 Bd6 7. O-O O-O 8. b3 b6
9. Bb2 e5 10. cxd5 Nb4 11. dxe5 Bxe5 12. Nxe5 Nfxd5 13. Nxd5 Qxd5 14. Bc4 Qe4
15. Nxf7 Be6 16. Bxe6 Qxe6 17. Ng5 Qg6 18. Nh3 Rad8 19. Qe2 Rf7 20. Qc4 Rf8 21.
Rad1 Kh8 22. Nf4 Qh6 23. Qxf7 1-0

[Event "Julian Mazur Memorial"]
[Site "Wellington Chess Club"]
[Date "2022.08.25"]
[Round "5.9"]
[White "Brockway, Andrew"]
[Black "McConnell, Jack"]
[Result "1-0"]
[WhiteElo "1686"]
[BlackElo "1411"]

1. e4 c5 2. Nc3 e6 3. f4 d5 4. Nf3 dxe4 5. Nxe4 Nc6 6. Bb5 Bd7 7. O-O Nh6 8. d3
a6 9. Bxc6 Bxc6 10. Ne5 Qc7 11. Qe2 O-O-O 12. Nxc6 Qxc6 13. Bd2 Nf5 14. Bc3 h5
15. Ng5 Qd7 16. Nf3 f6 17. Rae1 Re8 18. Rd1 Qa4 19. d4 cxd4 20. b3 Qd7 21. Qc4+
Qc7 22. Qxc7+ Kxc7 23. Bxd4 Nxd4 24. Nxd4 Bc5 25. Kh1 Bxd4 26. Rxd4 Rd8 27.
Rfd1 Rxd4 28. Rxd4 Rd8 29. Rxd8 Kxd8 30. Kg1 Kd7 31. Kf2 Kd6 32. Ke3 Kd5 33. c3
b5 34. Kd3 f5 35. Ke3 e5 36. fxe5 Kxe5 37. g3 g5 38. Kf3 Kd5 39. Ke3 Ke5 40.
Kf3 Kd5 41. h4 g4+ 42. Kf4 Ke6 43. c4 bxc4 44. bxc4 Kd6 45. Kxf5 Kc5 46. Kg5
Kxc4 47. Kxh5 Kb4 48. Kxg4 Ka3 49. h5 Kxa2 50. h6 a5 51. h7 1-0

[Event "Julian Mazur Memorial"]
[Site "Wellington Chess Club"]
[Date "2022.08.25"]
[Round "5.10"]
[White "Mavaram, Eashan"]
[Black "Ashe, Michael"]
[Result "1-0"]
[WhiteElo "1352"]
[BlackElo "1682"]

1. e4 c6 2. d4 d5 3. e5 Bf5 4. h4 h5 5. Bd3 Bxd3 6. Qxd3 Qa5+ 7. Bd2 Qb6 8. Qh3
e6 9. Qc3 c5 10. Be3 Nd7 11. Nd2 cxd4 12. Bxd4 Bc5 13. Bxc5 Qxc5 14. Qxc5 Nxc5
15. Ngf3 Ne7 16. g3 Ng6 17. O-O Rc8 18. Rac1 Ke7 19. Rfe1 Rc7 20. Nb3 Rhc8 21.
Nxc5 Rxc5 22. c3 d4 23. Nxd4 Nxe5 24. Rcd1 Rd5 25. Nf5+ Kf6 26. Rxd5 Nf3+ 27.
Kf1 exd5 28. Re3 Nd2+ 29. Ke2 Ne4 30. Rf3 Ke5 31. Nxg7 Nf6 32. Rf5+ 1-0

[Event "Julian Mazur Memorial"]
[Site "Wellington Chess Club"]
[Date "2022.08.25"]
[Round "5.11"]
[White "Croad, Nicolas"]
[Black "Jones, Christopher"]
[Result "1-0"]
[WhiteElo "2439"]
[BlackElo "1574"]

1. e4 e5 2. Nf3 Nc6 3. Bc4 Bc5 4. c3 Nf6 5. d3 O-O 6. O-O a5 7. Bg5 h6 8. Bh4
d6 9. Nbd2 Be6 10. Bb5 Ne7 11. Bxf6 gxf6 12. d4 exd4 13. Nxd4 Bxd4 14. cxd4 c6
15. Bd3 Qb6 16. d5 cxd5 17. exd5 Nxd5 18. Nc4 Qd8 19. Qd2 Kg7 20. Be4 b5 21.
Bxd5 Bxd5 22. Qxd5 bxc4 23. Qxc4 Qb6 24. Qg4+ Kh7 25. Qf5+ Kg7 26. b3 Rfe8 27.
Qg4+ Kh7 28. Rad1 Rad8 29. Qf5+ Kg7 30. Rd3 Re5 31. Rg3+ Kf8 32. Qxf6 1-0

[Event "Julian Mazur Memorial"]
[Site "Wellington Chess Club"]
[Date "2022.08.25"]
[Round "5.12"]
[White "Thirkell, Zachary"]
[Black "Cameron, Will"]
[Result "1/2-1/2"]
[WhiteElo "1500"]
[BlackElo "1424"]

1. c4 e6 2. d4 Nf6 3. Nf3 b6 4. g3 Bb7 5. Bg2 c5 6. dxc5 Bxc5 7. O-O O-O 8. Nc3
d5 9. cxd5 Nxd5 10. Nxd5 Qxd5 11. b3 Nd7 12. Bb2 Nf6 13. Qxd5 Bxd5 14. Ne5 Bxg2
15. Kxg2 Rfd8 16. Rad1 Rxd1 17. Rxd1 Kf8 18. Nd7+ Nxd7 19. Rxd7 Ke8 20. Rb7 g6
21. Bf6 a5 22. f4 a4 23. b4 Bxb4 24. Rxb6 Ba5 25. Rb7 Bd8 26. Be5 Rc8 27. Kf3
Rc2 28. a3 Be7 29. Rb8+ Kd7 30. Rb7+ Ke8 1/2-1/2

[Event "Julian Mazur Memorial"]
[Site "Wellington Chess Club"]
[Date "2022.08.25"]
[Round "5.13"]
[White "Webster, Jamie"]
[Black "Hampshire, Thomas"]
[Result "1/2-1/2"]
[WhiteElo "1703"]
[BlackElo "1500"]

1. e4 c5 2. Nf3 d6 3. d4 cxd4 4. Nxd4 Nf6 5. Nc3 a6 6. Bc4 e6 7. Bb3 b5 8. O-O
Be7 9. Qf3 e5 10. Nf5 Bxf5 11. exf5 Nbd7 12. Nd5 Rc8 13. Bg5 O-O 14. Bxf6 Nxf6
15. Rfd1 Nxd5 16. Rxd5 Qc7 17. Rad1 Rfe8 18. h4 Bxh4 19. Rxd6 Rcd8 20. Rxd8
Rxd8 21. Rxd8+ Qxd8 22. Qd5 Qxd5 23. Bxd5 a5 24. c4 bxc4 25. Bxc4 Be7 26. Kf1
Kf8 27. Ke2 g6 28. fxg6 hxg6 29. Kd3 Bc5 30. f3 Ke7 31. Ke4 Bd4 32. b3 f5+ 33.
Kd5 Kf6 34. Kc6 Bc3 35. Kb5 Kg5 36. a3 e4 37. fxe4 fxe4 38. b4 axb4 39. axb4
Kf4 40. Kc5 Kg3 41. b5 Kxg2 42. Bd5 Kf3 43. b6 Be1 44. b7 Bg3 45. Kc4 Ke3 46.
Bf7 g5 47. Bh5 Bc7 48. Kd5 Kf4 49. Kd4 Be5+ 50. Kd5 e3 51. Be2 Bb8 52. Kd4 g4
53. Bxg4 1/2-1/2